Venus dinámica / (Record no. 183527)

MARC details
000 -LEADER
campo de control de longitud fija 01048nam a2200277 i 4500
001 - NÚMERO DE CONTROL
campo de control 183527
003 - IDENTIFICADOR DE NÚMERO DE CONTROL
campo de control ES-MaACL
005 - FECHA Y HORA DE LA ÚLTIMA TRANSACCIÓN
campo de control 20250416063104.0
008 - DATOS DE LONGITUD FIJA--INFORMACIÓN GENERAL
campo de control de longitud fija 140714s2013 sp a | |||||||| | spa d
020 ## - NÚMERO INTERNACIONAL ESTÁNDAR DEL LIBRO
Número Internacional Estándar del Libro 978-84-8472-753-8
080 ## - NÚMERO DE LA CLASIFICACIÓN DECIMAL UNIVERSAL
Número de la Clasificación Decimal Universal 821.134.2-31"19"
100 1# - ENTRADA PRINCIPAL--NOMBRE DE PERSONA
Nombre de persona Jarnés, Benjamín,
Fechas asociadas al nombre 1888-1949
9 (RLIN) 154398
245 10 - MENCIÓN DEL TÍTULO
Título Venus dinámica /
Mención de responsabilidad, etc. Benjamín Jarnés ; edición, estudio introductorio y notas de Juan Herrerro Senés y Domingo Ródenas de Moya.
260 ## - PUBLICACIÓN, DISTRIBUCIÓN, ETC.
Lugar de publicación, distribución, etc. [Sevilla] :
Nombre del editor, distribuidor, etc. Renacimiento,
Fecha de publicación, distribución, etc. imp. 2013.
300 ## - DESCRIPCIÓN FÍSICA
Extensión 299 p. :
Otras características físicas 1 retr. ;
Dimensiones 22 cm.
490 1# - MENCIÓN DE SERIE
Mención de serie Biblioteca del exilio ;
Designación de volumen o secuencia 46
504 ## - NOTA DE BIBLIOGRAFÍA, ETC.
Nota de bibliografía, etc. Bibliografía: p. 52-67.
700 1# - ENTRADA AGREGADA--NOMBRE PERSONAL
Nombre de persona Herrero Senés, Juan.
9 (RLIN) 154950
700 1# - ENTRADA AGREGADA--NOMBRE PERSONAL
Nombre de persona Ródenas de Moya, Domingo.
9 (RLIN) 98116
830 0# - PUNTO DE ACCESO ADICIONAL DE SERIE-TÍTULO UNIFORME
Título uniforme Biblioteca del exilio ;
Designación de volumen o secuencia 46
9 (RLIN) 180374
852 ## - LOCALIZACIÓN
Ubicación ES-MaACL
Número de control de estantería A-13140
itemnumber 190468
Sublocalización o colección R.149886
Ubicación en estantería Depósito 1
Signatura antigua Olim:N-6140
Donativo/Legado Donación: José Esteban
903 ## - NOMBRE PERSONAL DE DONANTE
a Esteban, José,
d 1935-
e Donante
9 48033
942 ## - ELEMENTOS DE ENTRADA SECUNDARIOS (KOHA)
Fuente del sistema de clasificación o colocación Clasificación decimal universal
Tipo de ítem Koha Libro impreso
Holdings
Estatus retirado Estado de pérdida Fuente del sistema de clasificación o colocación Estado de daño No para préstamo Biblioteca de origen Biblioteca actual Ubicación en estantería Fecha de adquisición Fuente de adquisición Número de control de estantería Total de préstamos Signatura topográfica completa Código de barras Visto por última vez Precio de reemplazo Tipo de ítem Koha
    Clasificación decimal universal     Biblioteca del Ateneo de Madrid Biblioteca del Ateneo de Madrid Depósito 1 14/07/2014 Donación 1   A-13140 1192904 23/02/2023 23/02/2023 Libro impreso